Joueurs de tennis ayant atteint les DF de tous les GC - Statistiques

Statistiques générales
  • Ce quiz a été pris 222 fois
    100 depuis la dernière actualisation
  • Le résultat moyen est 14 sur 25
Statistiques - réponses
Pays Niveau atteint dans les 4 GC Réponse % Correct
Serbie Victoire Novak DJOKOVIC
100%
Suisse Victoire Roger FEDERER
99%
Espagne Victoire Rafael NADAL
98%
Etats Unis Victoire André AGASSI
92%
Grande Bretagne Finale Andy MURRAY
92%
Etats Unis Demi finale Pete SAMPRAS
92%
Italie Finale Jannik SINNER
90%
Etats Unis Demi finale John MCENROE
76%
RFA/Allemagne Demi finale Boris BECKER
71%
Tchécoslovaquie Finale Ivan LENDL
67%
Croatie Demi finale Marin CILIC
66%
Etats Unis Demi finale Jimmy CONNORS
59%
Russie Demi finale Marat SAFIN
59%
Australie Victoire Rod LAVER
59%
Suede Finale Stefan EDBERG
58%
Etats Unis Finale Jim COURIER
53%
République Tcheque Demi finale Tomas BERDYCH
46%
Australie Demi finale Patrick RAFTER
43%
Australie Finale Ken ROSEWALL
27%
Allemagne Demi finale Michael STICH
27%
Argentine Demi finale David NALBANDIAN
22%
Etats Unis Demi finale Vitas GERULAITIS
14%
Tchécoslovaquie Demi finale Miroslav MECIR
11%
Pays Bas Demi finale Tom OKKER
7%
Australie Demi finale Tony ROCHE
4%
Aucun quiz correspondant
Distribution des résultats
% des personnes avec chaque résultat
Percentile par nombre de réponses
Votre historique - résultats
Vous n’avez pas pris ce quiz depuis la dernière actualisation